000 00261nam a22001217a 4500
008 170606b xxu||||| |||| 00| 0 eng d
041 _aeng
080 _a94
100 _a18
101 _aSHH
245 _aGRAND CANYON COUNTRY
_cFISHBEIN,S.L
942 _2udc
_cBK
999 _c16009
_d16009